Responses for Show #4471 - Monday, February 2, 2004

Contestants

[<< previous game]

Rice Whaley, a high school history teacher from Hermitage, Pennsylvania

Jennifer Quinn, an assistant to the principal from Riverdale, New York

Jeff Kuhn, an attorney from Fairport, New York (whose 2-day cash winnings total $31,701)

[next game >>]

Jeopardy! Round responses

STATES' LOWEST POINTS
TV PILOTS
EQUIVALENTS
ANIMAL QUOTES
POSTAL MATTERS
DOUBLE Cs
    $200 11
Lake Superior

Rice
    $200 1
Wonder Woman

Rice
    $200 13
a mile

Jennifer
    $200 6
a pony

Rice
    $200 14
(Jennifer: What are dogs?)

cats

JeffJennifer
    $200 20
accelerator

Rice
    $400 12
Death Valley

Jeff
    $400 2
The Six Million Dollar Man

Jeff
    $400 15
acre

Jennifer
    $400 7
a dog

Rice
    $400 16
Benjamin Franklin

Rice
    $400 21
occidental

Rice
    $1,400 26
(Rice: What is Arizona?)
(Alex: Nope. You're close, but you go a little further west to [*]. A lot of mountains in [*]. Less than a minute now, Rice.)

Colorado

Rice
    $600 3
the A-Team

Jennifer
    $600 25
a magnum

Rice
    $600 8
a lion

Rice
    $600 17
(Rice: What is carrier pigeon?)

hot-air balloon

JeffRice
    $600 22
focaccia

Jennifer
    $800 27
(Rice: What is the Colorado?)

the Snake River

Rice
Triple Stumper
    $800 4
Wings

Jeff
    $800 28
[The end-of-round signal sounds.]

a barrel

Jennifer
    $800 9
the nightingale

Jennifer
    $800 18
Egyptians (Egypt)

Jennifer
    $800 23
sirocco

Jennifer
    $1000 5
Northern Exposure

Rice
    $1000 10
an elephant

Rice
    $1000 19
the United Kingdom

Triple Stumper
    $1000 24
toccata

Triple Stumper

Scores at the first commercial break (after clue 15):

Jeff Jennifer Rice
$1,800 $1,800 $3,600

Scores at the end of the Jeopardy! Round:

Jeff Jennifer Rice
$2,400 $4,800 $2,400

Double Jeopardy! Round responses

WHO'S SPEAKING IN SHAKESPEARE?
POP CULTURE
NOTED BLACK AMERICANS
FOREIGN WORDS & PHRASES
FAMOUS CEMETERIES
"D" COMPOSING
    $400 7
(Jeff: Who is Romeo?)

Juliet

JeffRice
    $400 6
Graceland

Jeff
    $400 1
Jackie Robinson

Rice
    $400 22
(Rice: What is de facto?)

ipso facto

Rice
Triple Stumper
    $400 16
Arlington

Rice
    $400 13
Don Quixote

Jennifer
    $800 12
Richard III

Rice
    $800 8
Starbucks

Jennifer
    $800 2
Rosa Parks

Jeff
    $800 23
place your bets

Jeff
    $800 17
London

Rice
    $800 14
(Alex: [*]. "Clair de lune", yes.)

Debussy

Rice
    $1200 19
(Jeff: Who is Macbeth?)

Lady Macbeth

JeffRice
    $1200 9
Anna Nicole Smith

Rice
    $1200 3
(Jennifer: Who was Count Basie?)

Duke Ellington

JenniferRice
    $1200 26
(Rice: What is a lyre?)
(Jennifer: What is a balalaika?)
...
(Alex: What is [*].[*], not Bazooka.)

a bouzouki

JenniferRice
Triple Stumper
    $1200 18
Washington Irving

Jeff
    $1200 15
Danse macabre

Triple Stumper
    $3,600 24
(Alex: We have less than a minute to go.)

Petruchio

Jeff
    $1600 10
E.T.

Jeff
    $1600 4
Frederick Douglass

Rice
    $1600 27
(Rice: What is a maharaji?)

maharani

Rice
Triple Stumper
    $500 20
New Orleans

Rice
    $1600 28
[The end-of-round signal sounds.]

Dvorak

Jennifer
    $2000 25
King Lear

Jeff
    $2000 11
Pogo

Jennifer
    $2000 5
(Jeff: Who is Langston Hughes?)

Gwendolyn Brooks

Jeff
Triple Stumper
    $2000 21
the Pere (Father) Lachaise Cemetery

Triple Stumper

Scores at the end of the Double Jeopardy! Round:

Jeff Jennifer Rice
$9,200 $7,200 $8,500

[wagering suggestions for these scores]

Final Jeopardy! Round responses

BASEBALL HISTORY
JenniferWhat is a triple play?
$7,000
RiceWhat is an unassisted triple play
$8,400
JeffWhat is a triple play?
$7,801
a triple play

Final scores:

Jeff Jennifer Rice
$17,001 $14,200 $16,900
3-day champion: $48,702 3rd place: $1,000 2nd place: $2,000

Game dynamics:

Coryat scores:

Jeff Jennifer Rice
$7,200 $7,200 $11,000
12 R
(including 1 DD),
3 W
12 R,
3 W
22 R
(including 1 DD),
6 W
(including 1 DD)

Combined Coryat: $25,400

[game clues] [game scores] [suggest correction]

Game tape date: 2003-11-21
The J! Archive is created by fans, for fans. Scraping, republication, monetization, and malicious use prohibited; this site may use cookies and collect identifying information. See terms. The Jeopardy! game show and all elements thereof, including but not limited to copyright and trademark thereto, are the property of Jeopardy Productions, Inc. and are protected under law. This website is not affiliated with, sponsored by, or operated by Jeopardy Productions, Inc. Join the discussion at JBoard.tv.